[Event "Mondiale Semilampo FIDE 2024"]
[Site "New York"]
[Date "26.12.2024"]
[Round "2.19"]
[White "Ghaem Maghami, Ehsan"]
[Black "Bortnyk, Olexandr"]
[Result "0-1"]
[WhiteTitle "GM"]
[BlackTitle "GM"]
[WhiteElo "2434"]
[BlackElo "2603"]
[WhiteFideId "12500739"]
[BlackFideId "14120828"]
[EventDate "26.12.2024"]

1. c4 Nf6 2. Nc3 b6 3. d4 Bb7 4. Nf3 g6 5. g3 Bg7 6. Bg2 O-O 7. O-O Ne4 8. Nxe4
Bxe4 9. Be3 d5 10. Qb3 Nc6 11. cxd5 Qxd5 12. Qxd5 Bxd5 13. Rac1 Rfd8 14. a3 Rac8
15. b4 Bxf3 16. Bxf3 Nxd4 17. Bxd4 Bxd4 18. Rc2 Be5 19. Rfc1 Rd4 20. Kf1 Rcd8
21. Ke1 Kg7 22. Bb7 g5 23. Ba6 Bd6 24. Bc4 a5 25. e3 Re4 26. Rb1 axb4 27. axb4
Ra8 28. b5 Ra3 29. Ke2 h5 30. Bd3 Rea4 31. Rbc1 e6 32. Rc4 Ra5 33. R4c2 f5 34.
Rc3 Rxc3 35. Rxc3 Ra1 36. e4 f4 37. gxf4 Bxf4 38. h3 Kf6 39. Kf3 Rh1 40. Ra3
Rxh3+ 41. Ke2 Rh1 42. Ra8 h4 43. Rh8 h3 44. Bc4 h2 45. e5+ Kxe5 0-1

[Event "Mondiale Semilampo FIDE 2024"]
[Site "New York"]
[Date "26.12.2024"]
[Round "2.20"]
[White "Lu, Shanglei"]
[Black "Nogerbek, Kazybek"]
[Result "1-0"]
[WhiteTitle "GM"]
[BlackTitle "GM"]
[WhiteElo "2609"]
[BlackElo "2527"]
[WhiteFideId "8603332"]
[BlackFideId "13710427"]
[EventDate "26.12.2024"]

1. e4 e5 2. Nf3 Nc6 3. Bc4 Nf6 4. d3 Bc5 5. c3 d6 6. O-O a5 7. Nbd2 O-O 8. h3 h6
9. Re1 Ba7 10. Nf1 Be6 11. Bb5 Ne7 12. d4 exd4 13. Nxd4 Bd7 14. a4 d5 15. Bxd7
Qxd7 16. Nb5 Bb6 17. e5 Ne8 18. Be3 Bxe3 19. Nxe3 c6 20. Nd4 Nc7 21. Qh5 Ne6 22.
g3 Kh7 23. h4 Nxd4 24. cxd4 Rae8 25. f4 b6 26. b3 c5 27. Rad1 Rc8 28. f5 cxd4
29. Rxd4 Rc3 30. f6 Rxe3 31. Rxe3 Nf5 32. fxg7 Rg8 33. Rf3 Nxd4 34. Rf6 Nf5 35.
e6 Qxe6 36. Rxe6 fxe6 37. Qf7 Rxg7 38. Qxe6 Nxg3 39. Qxd5 Ne4+ 40. Kf1 Nc5 41.
Qf5+ Kg8 42. Ke2 Re7+ 43. Kd1 Re6 44. Kc2 Kg7 45. h5 Rf6 46. Qe5 Kf7 47. Kc3 Ne6
48. Qd5 Kg8 49. Qc6 Nc5 50. Qd5+ Kf8 51. Kc4 Ke7 52. Kb5 Nd7 53. Qe4+ Kd6 54.
Qd4+ Ke7 55. Ka6 Nc5+ 56. Ka7 Kf7 57. b4 axb4 58. a5 bxa5 59. Qxc5 b3 60. Qxa5
Ke6 61. Qb5 Rf5 62. Qxb3+ Kf6 63. Qb6+ Kg5 64. Qg6+ Kf4 65. Qxh6+ 1-0

[Event "Mondiale Semilampo FIDE 2024"]
[Site "New York"]
[Date "26.12.2024"]
[Round "2.21"]
[White "Grebnev, Aleksey"]
[Black "Naroditsky, Daniel"]
[Result "0-1"]
[WhiteTitle "GM"]
[BlackTitle "GM"]
[WhiteElo "2555"]
[BlackElo "2619"]
[WhiteFideId "34189030"]
[BlackFideId "2026961"]
[EventDate "26.12.2024"]

1. d4 Nf6 2. c4 g6 3. Nc3 Bg7 4. e4 d6 5. Nf3 O-O 6. Bd3 Bg4 7. Be2 c5 8. d5 e6
9. O-O exd5 10. exd5 Nbd7 11. h3 Bxf3 12. Bxf3 Ne8 13. a4 f5 14. Be2 a6 15. Ra3
Bd4 16. Bd3 f4 17. Ne2 Be5 18. Bb1 Ng7 19. Rf3 Nh5 20. g4 Qg5 21. Kh1 Ng7 22.
Rb3 Qh4 23. Ng1 b5 24. Kg2 bxc4 25. Rb7 Qd8 26. Nf3 Qc8 27. Rxd7 Qxd7 28. Ba2
Rab8 29. Bxc4 Bxb2 30. Bd2 h5 31. gxh5 Nxh5 32. Bxa6 Nf6 33. Qc2 Be5 34. Re1 Rb2
35. Qc1 Qxa4 36. Nxe5 Rc2 37. Qd1 dxe5 38. Rxe5 f3+ 39. Kg1 Ra2 40. Qxa4 Rxa4
41. Bb5 Re4 42. Rg5 Rb8 43. Bc6 Rb1+ 44. Kh2 Re2 45. Ba5 Rxf2+ 46. Kg3 Ne4+ 0-1

[Event "Mondiale Semilampo FIDE 2024"]
[Site "New York"]
[Date "26.12.2024"]
[Round "2.22"]
[White "Vakhidov, Jakhongir"]
[Black "Deac, Bogdan-Daniel"]
[Result "0-1"]
[WhiteTitle "GM"]
[BlackTitle "GM"]
[WhiteElo "2546"]
[BlackElo "2696"]
[WhiteFideId "14201801"]
[BlackFideId "1226380"]
[EventDate "26.12.2024"]

1. c4 e6 2. Nc3 d5 3. d4 Be7 4. cxd5 exd5 5. Bf4 c6 6. e3 Bd6 7. Qf3 Ne7 8. h4
Bf5 9. Nge2 h5 10. Qg3 Bxf4 11. Nxf4 g6 12. f3 Nd7 13. e4 dxe4 14. fxe4 Bg4 15.
Be2 Nf6 16. O-O-O Bxe2 17. Nfxe2 Ng4 18. Qf4 Qb8 19. Qf3 Qc7 20. Kb1 Rd8 21. Nf4
O-O 22. Rhe1 Rd7 23. e5 Qd8 24. Re4 b5 25. Nce2 c5 26. e6 Rd6 27. exf7+ Rxf7 28.
Rc1 cxd4 29. Qb3 d3 30. Nc3 d2 31. Rf1 Qd7 32. Nxh5 Nd5 33. Rd1 gxh5 34. Nxb5
Rb6 35. a4 Nf2 36. Qg3+ Kh7 37. Re5 Nxd1 38. Rxh5+ Rh6 39. Qd3+ Kg7 40. Rxd5 Qe6
41. Rg5+ Rg6 42. Nd4 Nc3+ 43. bxc3 Qe1+ 44. Ka2 Rxg5 0-1

[Event "Mondiale Semilampo FIDE 2024"]
[Site "New York"]
[Date "26.12.2024"]
[Round "2.23"]
[White "Gelfand, Boris"]
[Black "Kobalia, Mikhail"]
[Result "1/2-1/2"]
[WhiteTitle "GM"]
[BlackTitle "GM"]
[WhiteElo "2657"]
[BlackElo "2543"]
[WhiteFideId "2805677"]
[BlackFideId "4119150"]
[EventDate "26.12.2024"]

1. d4 d5 2. c4 c6 3. Nf3 Nf6 4. Nc3 e6 5. e3 Nbd7 6. Bd3 dxc4 7. Bxc4 b5 8. Bd3
Bd6 9. Qc2 Bb7 10. e4 e5 11. Bg5 O-O 12. dxe5 Nxe5 13. Nxe5 Bxe5 14. f4 Bxc3+
15. bxc3 Qb6 16. Bxf6 gxf6 17. O-O-O Rad8 18. e5 Qe3+ 19. Kb1 Qxf4 20. Bxh7+ Kg7
21. exf6+ Qxf6 22. Be4 Bc8 23. Rd3 Rxd3 24. Qxd3 Rd8 25. Qg3+ Kf8 26. Qe3 Kg7
27. Qg3+ Kf8 28. Qe3 Kg7 29. Qg3+ 1/2-1/2

[Event "Mondiale Semilampo FIDE 2024"]
[Site "New York"]
[Date "26.12.2024"]
[Round "2.24"]
[White "Jacobson, Brandon"]
[Black "Svane, Rasmus"]
[Result "1/2-1/2"]
[WhiteTitle "GM"]
[BlackTitle "GM"]
[WhiteElo "2583"]
[BlackElo "2628"]
[WhiteFideId "30901561"]
[BlackFideId "4657101"]
[EventDate "26.12.2024"]

1. e4 e5 2. Nf3 Nc6 3. Bc4 Nf6 4. d3 Bc5 5. O-O d6 6. c3 a5 7. Re1 Ba7 8. Bg5 h6
9. Bh4 g5 10. Bg3 O-O 11. Nbd2 Nh7 12. d4 g4 13. Nh4 exd4 14. Qc2 dxc3 15. bxc3
Ne5 16. Bf1 Qf6 17. Nc4 Be6 18. Ne3 Bxe3 19. Rxe3 Qg5 20. Nf5 Bxf5 21. exf5 Nf6
22. Rae1 Rfe8 23. c4 Ned7 24. Qb1 Nc5 25. Rxe8+ Rxe8 26. Rxe8+ Nxe8 27. Qb5 Kf8
28. Qxa5 Qxf5 29. Bh4 Qh5 30. g3 Qf5 31. Qd2 Kg7 32. Qd4+ Kg8 33. h3 gxh3 34.
Kh2 Ne4 35. Bxh3 Qxf2+ 36. Qxf2 Nxf2 37. Bc8 b6 38. Bd7 Kf8 39. Bd8 Nd3 40. Bxe8
Kxe8 41. Bxc7 Ne5 42. Bxd6 Nxc4 43. Bf4 Kd7 44. Bxh6 Ne5 45. Kg2 b5 46. Bg7 Ke6
47. Kf2 Nd3+ 48. Kf3 f5 49. Bf8 Kd5 50. Ke3 Nc1 51. a3 Nb3 52. Kd3 Nd4 1/2-1/2

[Event "Mondiale Semilampo FIDE 2024"]
[Site "New York"]
[Date "26.12.2024"]
[Round "2.25"]
[White "Andriasian, Zaven"]
[Black "Svane, Frederik"]
[Result "1-0"]
[WhiteTitle "GM"]
[BlackTitle "GM"]
[WhiteElo "2554"]
[BlackElo "2668"]
[WhiteFideId "13302000"]
[BlackFideId "12923044"]
[EventDate "26.12.2024"]

1. e4 c5 2. Nf3 d6 3. d4 cxd4 4. Nxd4 Nf6 5. Nc3 a6 6. h3 e5 7. Nb3 Be6 8. f4
Nbd7 9. f5 Bxb3 10. axb3 d5 11. exd5 Bb4 12. Bd2 O-O 13. Qe2 Bxc3 14. bxc3 Nxd5
15. c4 Ne7 16. Qf2 Nc6 17. Rd1 Nd4 18. Bd3 Nc5 19. Bc3 Qf6 20. O-O a5 21. Rfe1
b6 22. Be4 Nxe4 23. Rxe4 Rad8 24. Rde1 Nc6 25. Qxb6 h6 26. Qc5 Rfe8 27. Bxe5
Rxe5 28. Rxe5 Nxe5 29. Qxe5 Qb6+ 30. Kh2 a4 31. bxa4 Qc6 32. Re3 Kh7 33. Rg3 Rg8
34. a5 Qxc4 35. Rc3 Qa4 36. f6 Re8 37. Qc7 Kg8 38. fxg7 h5 39. Rf3 Qa2 40. c4 f6
41. Rxf6 1-0

[Event "Mondiale Semilampo FIDE 2024"]
[Site "New York"]
[Date "26.12.2024"]
[Round "2.26"]
[White "Grigoryan, Karen H."]
[Black "Dudin, Gleb"]
[Result "0-1"]
[WhiteTitle "GM"]
[BlackTitle "GM"]
[WhiteElo "2618"]
[BlackElo "2506"]
[WhiteFideId "13301004"]
[BlackFideId "34184934"]
[EventDate "26.12.2024"]

1. Nf3 d5 2. g3 Nf6 3. Bg2 e6 4. O-O Be7 5. b3 O-O 6. Bb2 a5 7. c4 a4 8. cxd5
exd5 9. e3 a3 10. Bxf6 Bxf6 11. Nc3 c5 12. Ne1 Be6 13. Nd3 Na6 14. Rc1 Rc8 15.
Qf3 c4 16. bxc4 dxc4 17. Nf4 Nc5 18. Nxe6 fxe6 19. Qe2 Qd7 20. Ne4 b5 21. Nxc5
Rxc5 22. Be4 Rfc8 23. Rc2 Bb2 24. d3 c3 25. d4 R5c7 26. Rd1 b4 27. d5 b3 28.
axb3 Kh8 29. Qh5 g6 30. Qe5+ Qg7 31. Qxe6 Rd8 32. d6 Ra7 33. d7 Raxd7 34. Rxd7
Qxd7 35. Qa6 Qd6 36. Qa4 Rb8 37. Kg2 Kg7 38. Qa7+ Kh6 39. h4 Re8 40. g4 Re7 41.
Qa8 Kg7 42. Bd5 Re8 43. Qb7+ Re7 44. Qa8 Re8 45. Qa7+ Kh8 46. e4 Qf4 47. f3 Rf8
48. Qd4+ Qf6 49. Qxf6+ Rxf6 50. b4 Rd6 51. g5 Rxd5 52. exd5 a2 53. d6 a1=Q 54.
d7 Qd1 0-1

[Event "Mondiale Semilampo FIDE 2024"]
[Site "New York"]
[Date "26.12.2024"]
[Round "2.27"]
[White "Escobar Forero, Alder"]
[Black "Lenderman, Aleksandr"]
[Result "0-1"]
[WhiteTitle "GM"]
[BlackTitle "GM"]
[WhiteElo "2420"]
[BlackElo "2480"]
[WhiteFideId "4400801"]
[BlackFideId "2021285"]
[EventDate "26.12.2024"]

1. e4 e6 2. d4 d5 3. Nc3 dxe4 4. Nxe4 Bd7 5. Nf3 Bc6 6. Bd3 Nd7 7. O-O Ngf6 8.
Ned2 Be7 9. Qe2 O-O 10. c3 b6 11. Re1 Bb7 12. Ng5 Kh8 13. Ndf3 h6 14. Nh3 c5 15.
Nf4 Bxf3 16. Qxf3 cxd4 17. cxd4 Bd6 18. Qh3 Re8 19. Bd2 Rc8 20. Rad1 Nf8 21. Bb1
Kg8 22. Qf3 Bb8 23. Be3 Qd6 24. g3 Red8 25. a3 Qd7 26. h4 Qc6 27. Qe2 Qb7 28.
Nh5 N8d7 29. Nf4 Re8 30. Nh5 Nxh5 31. Qxh5 Nf6 32. Qb5 Qf3 33. Qe2 Qd5 34. Rc1
Bd6 35. Bd3 Rcd8 36. Bb5 Rf8 37. Bc6 Qf5 38. Bf3 Nd5 39. Bd2 Bb8 40. Kg2 Rd7 41.
Qe4 Qxe4 42. Bxe4 Nf6 43. Bc3 Nxe4 44. Rxe4 Bd6 45. Rd1 Be7 46. Rd3 Bf6 47. Rf3
Rfd8 48. Rff4 Rd5 49. Kf1 Be7 50. Rf3 Bf6 51. Rff4 R8d7 52. Ke2 b5 53. Ke1 a5
54. Bxa5 Bxd4 55. b3 Bb2 56. Bb4 Ra7 57. a4 bxa4 58. bxa4 Rxa4 59. Bd2 Ra1+ 60.
Ke2 Ra2 61. Ra4 Ba3 62. Rfd4 Rxd4 63. Rxd4 Bc1 64. Kd1 Rxd2+ 65. Rxd2 Bxd2 66.
Kxd2 Kh7 67. Ke3 Kg6 68. Ke4 Kf6 69. Kf4 Ke7 70. Ke4 h5 71. Kf4 f6 72. f3 e5+
73. Kf5 Kf7 74. f4 g6+ 75. Ke4 Ke6 76. Ke3 0-1

[Event "Mondiale Semilampo FIDE 2024"]
[Site "New York"]
[Date "26.12.2024"]
[Round "2.28"]
[White "Niemann, Hans Moke"]
[Black "Papasimakopoulos, Alexandros"]
[Result "1-0"]
[WhiteTitle "GM"]
[BlackTitle "FM"]
[WhiteElo "2734"]
[BlackElo "2379"]
[WhiteFideId "2093596"]
[BlackFideId "4244125"]
[EventDate "26.12.2024"]

1. e4 e6 2. d4 d5 3. e5 a6 4. c3 Bd7 5. Bd3 Bb5 6. Bc2 c5 7. Nf3 a5 8. Be3 Qb6
9. Na3 Ba6 10. Ba4+ Nc6 11. Qb3 Qxb3 12. axb3 cxd4 13. Nxd4 Kd7 14. Nac2 Ne7 15.
b4 Bd3 16. bxa5 Bxc2 17. Nxc2 Rxa5 18. b4 Rxa4 19. Rxa4 Nxe5 20. Ra7 Kc7 21. Ra8
Nc4 22. Ke2 Nc8 23. Nd4 Bd6 24. Nb5+ Kd7 25. Rha1 Rd8 26. h3 Be5 27. Kd3 Nb2+
28. Kc2 Nc4 29. Bc5 Bc7 30. Bd4 f6 31. f3 h5 32. Bf2 Bb6 33. Bxb6 N4xb6 34. Rb8
e5 35. Rxb7+ Kc6 36. Rc7+ Kxb5 37. Rc5# 1-0

[Event "Mondiale Semilampo FIDE 2024"]
[Site "New York"]
[Date "26.12.2024"]
[Round "2.29"]
[White "Macovei, Andrei"]
[Black "Shankland, Sam"]
[Result "0-1"]
[WhiteTitle "IM"]
[BlackTitle "GM"]
[WhiteElo "2477"]
[BlackElo "2672"]
[WhiteFideId "13904680"]
[BlackFideId "2004887"]
[EventDate "26.12.2024"]

1. e4 c5 2. Nf3 Nc6 3. Bb5 g6 4. Bxc6 bxc6 5. d4 cxd4 6. Qxd4 f6 7. O-O d6 8.
Be3 Nh6 9. c4 c5 10. Qd2 Nf7 11. b4 Bb7 12. Nc3 cxb4 13. Nd5 Bg7 14. Rab1 O-O
15. Rxb4 Bc6 16. Nd4 Bd7 17. Rb7 Ne5 18. Qe2 Rc8 19. Rc1 e6 20. Nf4 Re8 21. Rxa7
Ra8 22. Rb7 Qc8 23. Rb6 Bf8 24. Nb5 Bc6 25. Nd4 Bxe4 26. f3 Bc6 27. Nxc6 Nxc6
28. c5 dxc5 29. Bxc5 Nd4 30. Qc4 Qxc5 31. Qxc5 Bxc5 32. Rxc5 Rxa2 33. Rd6 Rb8
34. Rc1 e5 35. Kf1 Nf5 0-1

[Event "Mondiale Semilampo FIDE 2024"]
[Site "New York"]
[Date "26.12.2024"]
[Round "2.30"]
[White "Sevian, Samuel"]
[Black "Gaehwiler, Gabriel"]
[Result "1-0"]
[WhiteTitle "GM"]
[BlackTitle "IM"]
[WhiteElo "2696"]
[BlackElo "2392"]
[WhiteFideId "2040506"]
[BlackFideId "1314530"]
[EventDate "26.12.2024"]

1. e4 c5 2. Nf3 d6 3. d4 cxd4 4. Nxd4 Nf6 5. Bd3 Nc6 6. Be3 g6 7. h3 Bg7 8. c4
O-O 9. Nc3 Nd7 10. Be2 Nc5 11. O-O Ne6 12. Nb3 b6 13. Rc1 Bb7 14. f4 Nc5 15. Qd2
Nb4 16. Bf3 Rc8 17. Rcd1 Bxc3 18. bxc3 Nba6 19. Qc2 Qc7 20. h4 Nd7 21. Nd2 Nac5
22. h5 Qc6 23. e5 Qc7 24. exd6 Qxd6 25. hxg6 Qxg6 26. f5 Qf6 27. Bxb7 Nxb7 28.
Ne4 Qc6 29. f6 Nxf6 30. Ng5 Rfd8 31. Bd4 1-0

[Event "Mondiale Semilampo FIDE 2024"]
[Site "New York"]
[Date "26.12.2024"]
[Round "2.31"]
[White "Mamedov, Edgar"]
[Black "Safarli, Eltaj"]
[Result "0-1"]
[WhiteTitle "IM"]
[BlackTitle "GM"]
[WhiteElo "2441"]
[BlackElo "2610"]
[WhiteFideId "13739980"]
[BlackFideId "13402129"]
[EventDate "26.12.2024"]

1. d4 Nf6 2. c4 e6 3. Nf3 d5 4. Nc3 Be7 5. Bf4 O-O 6. e3 Nbd7 7. c5 Ne4 8. Bd3
f5 9. h3 c6 10. Qc2 b6 11. cxb6 axb6 12. O-O Ba6 13. Bxa6 Rxa6 14. Ne5 Nxe5 15.
Bxe5 Nxc3 16. Qxc3 Qa8 17. a3 Rc8 18. e4 dxe4 19. Qb3 Kf7 20. f3 e3 21. Qxe3 c5
22. Rad1 Qd5 23. dxc5 Bxc5 24. Bd4 Ra4 25. b4 Bxd4 26. Rxd4 Rxa3 27. Qd2 Qe5 28.
Re1 Qf6 29. Rd7+ Kg8 30. Rd6 Ra1 31. Rxe6 Rxe1+ 32. Qxe1 Qd4+ 33. Kh1 Kf8 34.
Re5 Qf4 35. Re3 g6 36. Kg1 Kg7 37. Qa1+ Kh6 38. Qe1 Rc2 39. Re7 Rc1 0-1

[Event "Mondiale Semilampo FIDE 2024"]
[Site "New York"]
[Date "26.12.2024"]
[Round "2.32"]
[White "Manafov, Vugar"]
[Black "Martirosyan, Haik M."]
[Result "0-1"]
[WhiteTitle "IM"]
[BlackTitle "GM"]
[WhiteElo "2431"]
[BlackElo "2656"]
[WhiteFideId "13410814"]
[BlackFideId "13306553"]
[EventDate "26.12.2024"]

1. d4 Nf6 2. Nf3 d5 3. c4 e6 4. Nc3 Nbd7 5. Qc2 dxc4 6. e4 c5 7. Bxc4 cxd4 8.
Nxd4 Ne5 9. Bb5+ Bd7 10. O-O a6 11. Bxd7+ Nfxd7 12. Rd1 Qh4 13. Qe2 Bb4 14. f3
Rc8 15. Be3 O-O 16. Rac1 Qe7 17. Nb1 Ng6 18. Nd2 Bd6 19. g3 Rfd8 20. Kg2 h6 21.
Rc4 Be5 22. Rdc1 Ra8 23. N2b3 Nf6 24. a3 Nf8 25. Bf2 Rab8 26. Qe1 Ng6 27. f4
Bxf4 28. gxf4 Nxf4+ 29. Kf1 Nd3 30. Qe2 Nxc1 31. Nxc1 Rbc8 32. Rxc8 Rxc8 33. Nd3
Qc7 34. Kg2 Rd8 35. e5 Nd5 36. b3 Qc3 37. Kg1 Ne7 38. Qb2 Qxd3 0-1

[Event "Mondiale Semilampo FIDE 2024"]
[Site "New York"]
[Date "26.12.2024"]
[Round "2.33"]
[White "Petrosian, Tigran L."]
[Black "Ansat, Aldiyar"]
[Result "1-0"]
[WhiteTitle "GM"]
[BlackTitle "IM"]
[WhiteElo "2551"]
[BlackElo "2479"]
[WhiteFideId "13301616"]
[BlackFideId "13715658"]
[EventDate "26.12.2024"]

1. Nf3 Nf6 2. g3 g6 3. d3 Bg7 4. e4 d6 5. Bg2 c5 6. O-O O-O 7. e5 Ng4 8. exd6
exd6 9. Nc3 Nc6 10. Bg5 f6 11. Bd2 Nge5 12. Nxe5 fxe5 13. a3 Be6 14. b4 cxb4 15.
axb4 Nxb4 16. Qb1 a5 17. Ne4 Kh8 18. c3 Na6 19. Qxb7 d5 20. Ng5 Bg8 21. Nf3 Nc5
22. Qb5 Nxd3 23. Qxd3 e4 24. Qe2 exf3 25. Bxf3 a4 26. Ra3 Qd7 27. Be3 Rac8 28.
Bd4 Bxd4 29. cxd4 Rc4 30. Rd1 Qd6 31. Qe3 Be6 32. Rda1 Bd7 33. Bd1 Re8 34. Qd2
Ra8 35. Be2 Rb4 36. Rc3 Rab8 37. Kg2 Rb2 38. Rc2 a3 39. Rxb2 Rxb2 40. Qe3 a2 41.
Bf3 Bf5 42. Qc3 Qb6 43. Bxd5 Bb1 44. Qc8+ Kg7 45. Qg8+ 1-0

[Event "Mondiale Semilampo FIDE 2024"]
[Site "New York"]
[Date "26.12.2024"]
[Round "2.34"]
[White "Chasin, Nico"]
[Black "Sargsyan, Shant"]
[Result "0-1"]
[WhiteTitle "IM"]
[BlackTitle "GM"]
[WhiteElo "2417"]
[BlackElo "2646"]
[WhiteFideId "30908477"]
[BlackFideId "13306766"]
[EventDate "26.12.2024"]

1. d4 d5 2. c4 e6 3. Nc3 Nf6 4. Nf3 Bb4 5. Qa4+ Nc6 6. e3 O-O 7. Bd2 Re8 8. Qc2
a6 9. a3 Bd6 10. Be2 h6 11. O-O dxc4 12. Bxc4 e5 13. d5 Ne7 14. e4 Bg4 15. Qd3
Ng6 16. h3 Bd7 17. Kh2 Nh5 18. g3 Qc8 19. Ng1 f5 20. exf5 Bxf5 21. Ne4 Rf8 22.
Qe2 Nf6 23. f3 Ne7 24. Rac1 Qe8 25. Nxd6 cxd6 26. g4 Bg6 27. f4 exf4 28. Bxf4
Ne4 29. Bd3 Nxd5 30. Bc4 Bf7 31. Rce1 Nxf4 32. Qxe4 Qxe4 33. Bxf7+ Rxf7 34. Rxe4
g5 35. Nf3 Nd3 36. Rd4 Ne5 37. Kg2 Raf8 38. Nd2 Rxf1 39. Nxf1 Rd8 40. Ne3 Nc6
41. Rd2 Ne7 42. Rc2 Rd7 43. Rf2 Kg7 44. Nc4 Ng6 45. Nb6 Rf7 46. Rd2 Nf4+ 47. Kg3
d5 48. Rd1 d4 49. Nc4 Re7 50. Kf3 b5 51. Nd6 Re3+ 52. Kf2 Re2+ 53. Kf1 Rxb2 54.
Nf5+ Kf6 55. Rxd4 Ke5 56. Rd6 a5 57. Rxh6 Rb3 58. Rb6 Nd5 59. Rb8 Nc3 60. Ne3
Rxa3 61. Re8+ Kd6 62. h4 gxh4 63. g5 h3 64. Kg1 Ne2+ 65. Kh2 Nf4 66. Re4 Ra2+
67. Kh1 Ra1+ 68. Kh2 Ra2+ 69. Kh1 Ng6 70. Re8 a4 71. Rb8 Kc6 72. Rc8+ Kb7 73.
Rc5 Rb2 74. Rc3 b4 75. Rc5 a3 76. Nc4 a2 0-1

[Event "Mondiale Semilampo FIDE 2024"]
[Site "New York"]
[Date "26.12.2024"]
[Round "2.35"]
[White "Adewumi, Tanitoluwa"]
[Black "Indjic, Aleksandar"]
[Result "1-0"]
[WhiteTitle "FM"]
[BlackTitle "GM"]
[WhiteElo "2349"]
[BlackElo "2647"]
[WhiteFideId "30966396"]
[BlackFideId "911925"]
[EventDate "26.12.2024"]

1. Nf3 d5 2. b3 Bf5 3. Bb2 e6 4. d3 h6 5. g3 Nf6 6. Bg2 Be7 7. Nbd2 Bh7 8. c4 c6
9. Qc2 a5 10. a3 O-O 11. O-O Na6 12. h3 Re8 13. Ne5 Bf8 14. Kh2 Nd7 15. Nxd7
Qxd7 16. Bc3 a4 17. b4 b5 18. cxb5 cxb5 19. Qb2 Rad8 20. Bd4 e5 21. Bxe5 f6 22.
Bf4 g5 23. Be3 d4 24. Rac1 Nb8 25. Ne4 Bxe4 26. Bxe4 dxe3 27. fxe3 Bg7 28. Rc5
Kh8 29. Qc2 Re5 30. Rxe5 fxe5 31. Qc5 Na6 32. Qb6 Nc7 33. Qg6 1-0

[Event "Mondiale Semilampo FIDE 2024"]
[Site "New York"]
[Date "26.12.2024"]
[Round "2.36"]
[White "Bok, Benjamin"]
[Black "Amartuvshin, Ganzorig"]
[Result "1-0"]
[WhiteTitle "GM"]
[BlackTitle "IM"]
[WhiteElo "2593"]
[BlackElo "2392"]
[WhiteFideId "1017063"]
[BlackFideId "4902548"]
[EventDate "26.12.2024"]

1. Nf3 Nf6 2. c4 e6 3. g3 d5 4. Bg2 dxc4 5. Qa4+ Bd7 6. Qxc4 c5 7. Ne5 Qc8 8.
O-O Nc6 9. Nxd7 Qxd7 10. Nc3 Rc8 11. d3 Be7 12. Bd2 O-O 13. Rfc1 Nd4 14. a4 Nd5
15. Bxd5 exd5 16. Qxd5 Qxd5 17. Nxd5 Rfe8 18. Rc4 Nxe2+ 19. Kf1 Bf8 20. Be3 Red8
21. Nf6+ gxf6 22. Kxe2 Rd5 23. Rac1 Re8 24. Rg4+ Kh8 25. Re4 Red8 26. Rc3 f5 27.
Rec4 b6 28. Rb3 Rb8 29. d4 cxd4 30. Rxd4 Rxd4 31. Bxd4+ Bg7 32. Be3 Rc8 33. Kd3
Rd8+ 34. Kc4 Bf6 35. Kb5 Rd5+ 36. Kc6 Rd1 37. Rb5 Kg7 38. b4 Ra1 39. a5 bxa5 40.
Rxa5 Rb1 41. b5 f4 42. gxf4 1-0

[Event "Mondiale Semilampo FIDE 2024"]
[Site "New York"]
[Date "26.12.2024"]
[Round "2.39"]
[White "Jumabayev, Rinat"]
[Black "Duda, Jan-Krzysztof"]
[Result "0-1"]
[WhiteTitle "GM"]
[BlackTitle "GM"]
[WhiteElo "2573"]
[BlackElo "2740"]
[WhiteFideId "13702661"]
[BlackFideId "1170546"]
[EventDate "26.12.2024"]

1. Nf3 d5 2. g3 Nd7 3. d4 Nb6 4. Bg2 Nf6 5. a4 a5 6. b3 Bf5 7. Ba3 h6 8. O-O
Nbd7 9. Nbd2 e6 10. Bxf8 Nxf8 11. c4 c6 12. Qc1 Qe7 13. Qc3 N8d7 14. c5 O-O 15.
Rfc1 Ne4 16. Nxe4 Bxe4 17. Ra2 Bxf3 18. exf3 Rfb8 19. f4 b6 20. cxb6 Rxb6 21.
Qe3 Rab8 22. Rc3 Rb4 23. Rd2 Qf6 24. Rcd3 R8b6 25. Bf3 g6 26. h4 h5 27. Kg2 Qd8
28. Rc3 Qb8 29. Rdd3 Kg7 30. Bd1 Qc7 31. Bf3 Qd6 32. Qc1 Nf6 33. Qe3 Ng8 34. Rc5
Ne7 35. Rxa5 Nf5 36. Qe5+ Qxe5 37. dxe5 Rxb3 38. Rxb3 Rxb3 39. Be2 Nd4 40. Bf1
Ra3 41. Kg1 Ra2 42. Kg2 Nb3 43. Ra7 Nc5 44. a5 Ne4 45. a6 Nxf2 46. Rc7 Ng4+ 47.
Kg1 Ra1 48. a7 Ne3 49. a8=Q Rxa8 50. Be2 Ra2 0-1

[Event "Mondiale Semilampo FIDE 2024"]
[Site "New York"]
[Date "26.12.2024"]
[Round "2.40"]
[White "So, Wesley"]
[Black "Zemlyanskii, Ivan"]
[Result "0-1"]
[WhiteTitle "GM"]
[BlackTitle "GM"]
[WhiteElo "2747"]
[BlackElo "2543"]
[WhiteFideId "5202213"]
[BlackFideId "24249971"]
[EventDate "26.12.2024"]

1. e4 c5 2. Nf3 d6 3. Bb5+ Nd7 4. a4 Nf6 5. Nc3 a6 6. Bc4 e6 7. a5 b5 8. axb6
Nxb6 9. Ba2 Bb7 10. d3 Be7 11. O-O O-O 12. Re1 Nfd7 13. Be3 Qc7 14. d4 cxd4 15.
Bxd4 Nc4 16. Bxc4 Qxc4 17. Ra4 Qc7 18. Qe2 Nb8 19. Qe3 Nd7 20. Qe2 Nb8 21. h4
Nc6 22. Be3 Bf6 23. Qd2 h6 24. h5 Rfd8 25. Rea1 Rab8 26. R4a3 Bc8 27. Na4 d5 28.
exd5 Rxd5 29. Bf4 Be5 30. Bxe5 Nxe5 31. Qe2 Bb7 32. Ne1 Rbd8 33. Rc3 Nc6 34. Nd3
Qe7 35. Nac5 Nd4 36. Qe3 Rxh5 37. Nxb7 Qxb7 38. Nf4 Rf5 39. Rd3 Rxf4 40. c3 Rg4
41. f3 Nxf3+ 42. Qxf3 Qb6+ 43. Kh2 Rxd3 44. Qxg4 Qb8+ 45. Kg1 Qxb2 46. Rxa6 Qxc3
47. Ra8+ Kh7 48. Qe4+ f5 49. Qxe6 Qd4+ 0-1

[Event "Mondiale Semilampo FIDE 2024"]
[Site "New York"]
[Date "26.12.2024"]
[Round "2.41"]
[White "Mamedyarov, Shakhriyar"]
[Black "Pranav, V"]
[Result "1-0"]
[WhiteTitle "GM"]
[BlackTitle "GM"]
[WhiteElo "2738"]
[BlackElo "2621"]
[WhiteFideId "13401319"]
[BlackFideId "25060783"]
[EventDate "26.12.2024"]

1. d4 Nf6 2. Bg5 d5 3. e3 c6 4. Bd3 Bg4 5. Ne2 Nbd7 6. h3 Bxe2 7. Qxe2 e5 8. c4
Bb4+ 9. Nc3 O-O 10. O-O exd4 11. exd4 h6 12. Bh4 dxc4 13. Bxc4 Nb6 14. Rad1 Re8
15. Qd3 Bxc3 16. bxc3 Nxc4 17. Qxc4 Qd5 18. Qb4 Qxa2 19. Bxf6 gxf6 20. Ra1 Qd5
21. Qxb7 a5 22. Qc7 a4 23. Ra3 Kh7 24. Rfa1 Rg8 25. g3 Qc4 26. Qf4 Rg6 27. Qf5
Rb8 28. Rxa4 Qxc3 29. Ra7 Rf8 30. Qe4 Kg7 31. Ra8 Rxa8 32. Rxa8 Kh7 33. h4 Qb3
34. Qe8 Qd1+ 35. Kg2 Rg7 36. Qe4+ Rg6 37. Ra7 Kg7 38. Qe6 Kh8 39. Ra8+ Kg7 40.
Qe8 Rxg3+ 41. Kxg3 Qg1+ 42. Kf3 Qd1+ 43. Qe2 Qh1+ 44. Ke3 Qc1+ 45. Qd2 Qh1 46.
Ra5 Qxh4 47. f3 Qh1 48. Ra2 Kf8 49. Qh2 Qc1+ 50. Kf2 1-0